00298nam a2200121Ia 45000030006000000080041000060400015000471000017000622450034000792600034001135460012001470050017001590STCL150530s9999 xx 000 0 und d aSTCLcSTCL aSayers, R.S. aCentral banking after bagehot bOxford University pressc1956 aEnglish20220125165655.0